LIBRARY & INFORMATION CENTRE, KCAET, TAVANUR

ONLINE PUBLIC ACCESS CATALOGUE (OPAC)

Water Pollution (Record no. 14156)

MARC details
000 -LEADER
fixed length control field 00280nam a22001217a 4500
020 ## - INTERNATIONAL STANDARD BOOK NUMBER
ISBN 9781926686639
082 ## - DEWEY DECIMAL CLASSIFICATION NUMBER
Classification number 628.168
Item number PAL/WA
100 ## - MAIN ENTRY--AUTHOR NAME
Personal name Palmer, Emmanuel
245 ## - TITLE STATEMENT
Title Water Pollution
260 ## - PUBLICATION, DISTRIBUTION, ETC. (IMPRINT)
Place of publication Canada
Name of publisher Apple Academic Press
Year of publication 2010
300 ## - PHYSICAL DESCRIPTION
Number of Pages 320
942 ## - ADDED ENTRY ELEMENTS (KOHA)
Koha item type Books
Holdings
Withdrawn status Lost status Damaged status Home library Current library Date acquired Cost, normal purchase price Full call number Accession Number Koha item type
      KAUAET KAUAET 27/02/2025 6804.00 628.168 PAL/WA 23763 Books
free website counter